[Event "Bundesliga 2000/01"]
[Site "?"]
[Date "2000.12.10"]
[Round "4"]
[White "Hansen, Lars Bo"]
[Black "Schaller, Sven"]
[Result "1-0"]
[WhiteElo "2562"]
[BlackElo "2334"]
[Annotator "ssc"]
[PlyCount "81"]
[EventDate "2000.??.??"]

1. d4 Nf6 2. Nf3 d6 {[Eine interessante Partie gleich vornweg. Bedeutung
erhaelt sie bei der Wahl des 11. Zuges von Schwarz:} (2... g6 3. g3 Bg7 4. Bg2
O-O 5. O-O d6 6. b3 c6 7. Bb2 Bg4 8. Nbd2 Nbd7 9. Re1 Re8 10. a4 Qc7 11. h3
Bxf3 12. exf3 e5 13. dxe5 dxe5 14. Nc4 Nd5 15. Qd2 N7b6 16. Nxb6 axb6 17. Rad1
Rad8 18. Qc1 f6 19. h4 Bf8 20. Bf1 $14 {Hansen,L-Movsesian,S/BL2-N 9697. Weiss
vergroesserte peu a peu seinen Vorteil bis er schliesslich gewann.}) 3. g3 c6
4. Bg2 g6 5. b3 Bg7 6. Bb2 Bg4 7. Nbd2 a5 8. a4 {[Bei} (8. a3 {
kann Schwarz immer solche Ideen wie 8...} 8... a4 9. b4 d5 $11 {
anbringen. Das muss er jedoch nicht sofort spielen.}) 8... O-O 9. h3 {
[Vielleicht kann man auf diesen Zug verzichten. Aber Weiss wollte damit
erreichen, dass sich der Laeufer erklaert.]} 9... Bxf3 {[Konsequent.]} 10. exf3
$1 {[Weiss aendert die Symmetrie auf dem Brett. Zudem bietet der Zug einige
Vorteile. Nach Pf3-f4 wird die Kontrolle ueber das Feld e5 gestaerkt.
Andererseits kann der Zusatzbauer am Koenigsfluegel zur Unterstuetzung eines
Angriffs auf den gegnerischen Koenig genutzt werden.]} 10... Nbd7 $6 {
[Da Weiss frueher oder spaeter Pc2-c4 ziehen muss, waere} (10... Na6 {
einen Gedanken wert gewesen. Denn wie sich in der Folge zeigt, steht der
Springer auf d7 mehr im Weg als das er etwas nuetzt.}) 11. O-O d5 {
[Keinen Sinn macht} (11... e5 12. dxe5 dxe5 13. Nc4 $14 {mit grossen Loechern
in der schwarzen Stellung (vgl. etwa die oben aufgefuehrte Partie Hansen,LB -
Movsesian,S).}) 12. Qe2 {[Verhindert Pb7-b5.]} 12... Re8 $6 {[Vielleicht ist
dies ein Tempoverlust. Doch ist es fuer Schwarz dennoch schwierig einen Plan
zu finden. Nicht befriedigen kann jedenfalls} (12... Ne8 $6 13. Rfe1 Bf6 14. f4
Nd6 15. Nf3 $14 {und die schwarzen Figuren stehen eher im Wege, als dass sie
zentralisiert waeren. In Betracht kam allerdings}) (12... e6 {Nach} 13. f4 ({
das von Schwarz befuerchtete} 13. Ba3 $6 Re8 14. Bd6 $2 {kann er mit 14...}
14... Nh5 15. c3 e5 $36 {abkontern.}) 13... Qc7 {
kann sich Schwarz dann weiter mit Rf8-d8, Pc6-c5 aufbauen.}) 13. f4 e6 14. Nf3
Qb8 $6 {[25 Minuten ueberlegte hier Schwarz, wie er sich weiter aufstellen
kann. Der Damenzug bereitet zwar Pb7-b5 vor, doch steht sie auch ziemlich
passiv. Vielleicht ist} (14... Qc7 {nebst 15...Tad8 vorzuziehen.}) 15. Rfc1 $1
Qa7 $6 {[Mit seinem letzten Zug hat Weiss} (15... b5 $2 {wegen} 16. Ne5 $1 $36
{verhindert. Schwarz muss also einen neuen Plan finden. Vielleicht ist 15...
Qa7 ok. Denn dieAlternativen}) (15... Qc7 16. c4 Qb6 {oder}) (15... Rc8 {
sind schwer einzuschaetzen.}) 16. c4 Nb8 {[Der Nachteil des Zuges Pc2-c4 wird
sofort aufgedeckt - die Schwaechung des Feldes b4.]} 17. Ne5 Nfd7 18. h4 $1
Nxe5 19. fxe5 Na6 20. cxd5 exd5 $2 {[Schwarz dachte, das sei wegen} (20... cxd5
21. Qb5 {erzwungen, doch bietet das weitere 21...} 21... b6 (21... Nb4 $2 22.
Rc7 Rab8 23. Rac1 $16) 22. Rc6 (22. Rc3 Rec8 23. Rac1 Rxc3 24. Rxc3 Nb4 $14)
22... Nb4 23. Rxb6 Reb8 24. Rxb8+ Rxb8 25. Qe2 Rc8 $14 {ihm scheinbar
genuegend Verteidigungsressourcen. Nach der Partiefortsetzung geraet er
forciert in einen vernichtenden Angriff.}) 21. h5 Nc7 22. Qe3 Rad8 23. Bh3 $2 {
[Die kritische Variante lautet} (23. hxg6 hxg6 {und erst jetzt} 24. Bh3 {
Nach 24...} 24... Ne6 25. Kg2 {geraet Schwarz in einen heftigen Angriff: 25...}
25... Rc8 26. f4 b6 27. f5 (27. g4 c5 28. dxc5 bxc5 29. f5 d4 $40) 27... gxf5
28. Bxf5 c5 29. Rh1 $1 $40) 23... f6 $1 {[Schwarz erkannte die Gefahr, die ihm
bei Passivitaet droht (siehe vorherige Variante). Daher strebt er die Oeffnung
des Zentrums an - als logische Reaktion auf den Angriff am Koenigsfluegel.
Dagegen fuehrt} (23... Ne6 24. hxg6 hxg6 {zur soeben betrachteten Variante.})
24. hxg6 hxg6 $4 {[Der entscheidende Fehler. Nach} (24... fxe5 $8 {
(eigentlich war das ja der Sinn von 23...Pf6)} 25. gxh7+ Kh8 26. Bf5 exd4 $13 {
ist die Stellung voellig unklar.}) 25. Qd3 Kf7 {
[Schwarz uebersieht den 28. Zug von Weiss. Aber auch} (25... Kh7 {rettet wegen}
26. Kg2 $1 fxe5 27. Rh1 Bh6 28. Bf5 Kg7 29. Rxh6 $18 {nicht.}) 26. Re1 fxe5 27.
dxe5 Ne6 28. Re3 $1 Kg8 {[Was sonst?} (28... Bh6 {scheitert nach} 29. Rf3+ Kg7
30. Rf6 Nf8 31. e6 $18 {genauso wie}) (28... Ng5 29. e6+ Kg8 30. Qxg6 Nxh3+ 31.
Kg2 Re7 32. Rh1 $18) 29. Qxg6 Nf8 30. Qh5 d4 31. e6 Re7 32. Rf3 Rd5 33. Rf5
Rxf5 34. Bxf5 $18 {
[Den Rest kann man sich schenken, sieht aber dennoch gut aus.]} 34... b6 35.
Re1 c5 36. Bc1 Bf6 37. Bg5 Bxg5 38. Qxg5+ Rg7 39. Qxg7+ Qxg7 40. e7 d3 41. e8=Q
1-0

[Event "Bundesliga 2000/01"]
[Site "?"]
[Date "2001.01.27"]
[Round "6"]
[White "Schaller, Sven"]
[Black "Lorenz, Sascha"]
[Result "1-0"]
[WhiteElo "2334"]
[BlackElo "2298"]
[Annotator "ssc"]
[PlyCount "53"]

1. d4 Nf6 2. Nf3 g6 3. c4 Bg7 4. Nc3 O-O 5. e4 d6 6. Be2 Na6 7. Bg5 $5 {
[Eine eher seltene Variante. Normalerweise folgt} (7. O-O e5 8. Re1 c6 9. Bf1
Bg4 10. Be3 {, z.B. 10...} 10... Qe7 (10... Nh5 $5 11. d5 Nb4 12. Be2 $13) 11.
d5 Nh5 (11... Nb4 $5) 12. h3 $1 Bd7 13. dxc6 bxc6 14. Re2 $16 {
Hansen,C-Visser,Y/Amsterdam OHRA-B, 1990.}) 7... c5 {
[Uebereilt. Schwarz musste sich zuerst um den Bg5 kuemmern:} (7... h6 8. Bh4 g5
9. Bg3 Nh5 {Nach dem weiteren} 10. Qd2 e6 11. e5 $1 Nxg3 {
entstehen dann wueste Verwicklungen, z. B.} (11... g4 12. Bh4 Qd7 13. Qe3 $1 f5
$6 (13... gxf3 14. Bxf3 dxe5 15. dxe5 Nb4 16. O-O Nc2 17. Qe4 Nxa1 18. Bxh5 $44
) 14. O-O-O $1 Qc6 15. Rhg1 $1 d5 16. c5 $16 {
Aleksandrov,A-Babula,V/Erevan olm, 1996}) 12. hxg3 dxe5 13. Nxe5 c5 14. Ng4 $1
cxd4 (14... Qxd4 15. Nxh6+ Bxh6 16. Rxh6 Qxd2+ 17. Kxd2 $16) 15. Nb5 $40 {
/\ Ng4xh6+, Pf2-f4, 0-0-0; Aleksandrov,A-Smirin,I/New York, 1998.
}) 8. Qd2
cxd4 9. Nxd4 Nc5 10. f3 {[Weiss steht sehr harmonisch.]} 10... a6 {
[Probiert wurde auch} (10... Ne6 11. Nxe6 Bxe6 12. Nd5 Bxd5 13. cxd5 Rc8 14.
O-O Nd7 15. Rac1 $14 {
Abo Elnasr,M-Taher,Y/Open, Cairo, 1998; mit leichtem weissem Vorteil.}) 11. Bh6
e5 $2 {[Das war also die Idee von 10...a6. Die Ausfuehrung ist jedoch
mangelhaft. Genauer waere} (11... Bxh6 12. Qxh6 {und erst jetzt 12...} 12... e5
{gewesen, wenngleich Weiss mit} 13. Nc2 Ne6 14. O-O-O Nf4 15. Bf1 $14 {
einen kleinen Vorteil festhaelt.}) 12. Bxg7 Kxg7 13. Nc2 Ne6 14. g3 Ne8 15.
O-O-O {[Der Anziehende hat bei den bevorstehenden Angriffen auf den
verschiedenen Fluegeln schon wesentlich mehr Fortschritte erzielt als sein
Gegner.]} 15... Bd7 16. h4 h6 17. f4 Bc6 18. Qe3 $1 {
[Spekuliert auf den nun folgenden Fehler...]} 18... Qa5 $2 {
[Schwarz glaubt sich wohl befreit zu haben. Doch sicherer waere sicherlich} (
18... Qf6 19. Rdf1 $16 {oder wenigstens}) (18... Qe7 19. Nd5 Bxd5 20. exd5 Nc5
21. h5 $40 {gewesen. Denn mit einem ueberraschenden Manoever wird Schwarz nun
zum voelligen Rueckzug gezwungen.}) 19. b4 $1 Qc7 20. Nd5 Bxd5 21. exd5 Nd8 {
[Nicht schoen sieht auch} (21... exf4 22. gxf4 Nd8 23. f5 {aus, z.B. 23...}
23... b5 24. fxg6 fxg6 (24... f5 25. Rdf1 bxc4 26. Nd4 Qd7 27. Nxf5+ Rxf5 28.
Rxf5 Qxf5 29. Qe7+ $18) 25. Rhg1 $18 {Jetzt gewinnt Weiss bei weiterhin
ueberlegener Stellung sogar noch einen Bauern.}) 22. fxe5 Qe7 23. exd6 Qxe3+
24. Nxe3 Nxd6 25. Bd3 h5 26. c5 Ne8 27. Nc4 {
[Der Nachziehende gab den hoffnungslosen Kampf auf - rechtzeitig.]} 1-0

[Event "Bundesliga 2000/01"]
[Site "?"]
[Date "2001.01.28"]
[Round "7"]
[White "Hellsten, Johan"]
[Black "Schaller, Sven"]
[Result "1-0"]
[WhiteElo "2470"]
[BlackElo "2334"]
[Annotator "ssc"]
[PlyCount "119"]
[Source "Mark Crowther"]
[SourceDate "2001.02.12"]

1. d4 Nf6 2. Nf3 e6 3. c4 Bb4+ 4. Nc3 O-O 5. e3 d5 6. Bd3 c5 7. O-O Nc6 8. a3
Bxc3 9. bxc3 dxc4 10. Bxc4 cxd4 $2 {[Dies ist foermlich schon der Anfang von
ernsten Schwierigkeiten. Denn Weiss kriegt kampflos ein festes Zentrum, wonach
das Laeuferpaar maechtig zur Geltung kommt. Normalerweise folgt} (10... Qc7 {
mit der Idee Pe6-e5.}) 11. cxd4 b6 {[Die Alternative} (11... Bd7 {gefiel Schwar
z nicht, wenngleich man sich in der Partie Mikulcik,L - Hrtanek,J/CZE-chT2
9596; nach} 12. Qe2 Na5 13. Bd3 Bc6 14. Ne5 Be4 15. Rb1 Rc8 16. Bd2 Nc6 17.
Bxe4 Nxe4 18. Nxc6 bxc6 19. Bb4 c5 20. Bxc5 {auf Remis einigte.}) 12. Re1 Bb7
13. Bd3 Rc8 14. Bb2 Na5 15. e4 h6 $2 {[Danach kommt der schwarze Springer
nicht mehr nach c4, weil Weiss dieses Feld nun einfach mit Ne5 unter Kontrolle
nimmt, wonach die schwarzen Platzsorgen noch gravierender werden. Zudem stellt
sich die Frage, warum der Nachziehende nicht sofort} (15... Nc4 {spielte. Nach}
16. Bc1 (16. Bc3 $2 Nd6 $17) 16... h6 17. Qe2 Qc7 18. Rb1 $14 {
stehen seine Figuren auf jeden Fall harmonischer da als in der Partie.}) 16.
Ne5 Rc7 17. Re3 Nc6 18. Nxc6 Bxc6 19. a4 Re8 20. Qe2 Rd7 {
[Das sieht alles sehr gekuenstelt aus.]} 21. Bb5 Rc7 22. Bd3 Rd7 23. Bb5 Rc7
24. Rg3 $1 {
[Weiss hat die Faxen dicke und geht erstmal auf den schwarzen Koenig los.]}
24... Bxe4 {[Wie leicht ersichtlich, scheitert} (24... Nxe4 $2 {an} 25. Rxg7+
$1 Kxg7 26. Bxc6 Rxc6 27. d5+ Kh7 28. dxc6 $16 {Das Qualitaetsopfer ist
dagegen so ziemlich erzwungen - verspricht zugleich aber gutes Gegenspiel.})
25. Bxe8 Qxe8 26. Rc1 {[Nichts zu befuerchten hat Schwarz sowohl nach} (26. d5
Rc2 27. Rxg7+ Kxg7 28. Bxf6+ Kxf6 29. Qxe4 Qc8 $13 {als auch nach}) (26. Rc3
Rxc3 27. Bxc3 Qc6 28. Bb2 Bxg2 29. Rc1 Qb7 $132) 26... Rxc1+ 27. Bxc1 Qxa4 28.
Ra3 $2 $138 {
[Weiss will zu viel. Er sollte sich besser mit dem kleinen Vorteil nach} (28.
Bxh6 Qa1+ 29. Qf1 Qxf1+ 30. Kxf1 Bg6 31. Bc1 Nd5 $14 {zufriedengeben.}) 28...
Qc6 29. Bb2 a5 $5 $138 {[Auch Schwarz druecken Zeitnotsorgen. Dennoch spielt
er jetzt auf Gewinn. Ebenfalls moeglich waere} (29... Bxg2 30. f3 Bh3 31. Rxa7
Nd5 $44 {mit sehr guter Kompensation gewesen.}) 30. f3 Bd5 $2 {[Ein boeser
Fehlgriff, nachdem Schwarz den Rueckwaertsgang einlegen muss. Noch immer gutes
Spiele haette er nach} (30... Qc2 $1 31. Qxc2 Bxc2 32. Rc3 Bg6 (32... Ba4 $5)
33. Rc8+ Kh7 34. Kf2 Nd5 $44 {besessen.}) 31. Rc3 Qd7 32. Qc2 g6 $2 {
[Schwarz schwimmt. Freilich,} (32... Ne8 {
sieht erst mal nicht schoen aus. Doch nach} 33. Rc8 b5 34. Qc5 b4 35. Rb8 {
kann er sich einfach mit 36...} 35... Qa4 36. h3 Kh7 $13 {befreien. Jetzt
dringt dagegen unangenehm der Turm auf der siebenten Reihe ein und schnuert
den Schwarzen vollends ein.}) 33. Rc7 Qd6 34. Qc3 Qb4 35. Qc1 b5 {
[Sicherer waere sicherlich zuerst} (35... Kg7 {gewesen.}) 36. h4 Kg7 37. Bc3
Qa4 38. Kh2 Ne8 $2 {[Nach diesem neuerlichen Fehler verliert Schwarz forciert.
Rettung haette vielleicht noch} (38... h5 {versprochen.}) 39. Ra7 b4 40. Bd2 {
[Jetzt zeigt sich das Maleur: Die schwarze Stellung gleicht einem kraenkelnden
Baum mit vier lose im Wind flatternden Blaettern. Einen zweiten Fruehling wird
er nicht erleben...]} 40... Qc6 {[Sofort verliert} (40... h5 $2 {wegen} 41.
Bh6+ Kg8 42. Qc5 Ng7 43. Bxg7 Kxg7 44. Qe7 $18) 41. Bxh6+ Kg8 42. Qf4 $1 Qd6
43. Rxa5 Qxf4+ 44. Bxf4 {[Den Rest kann man sich sparen. Aber einen letzten
Blick sollte man vorher auf den Ne8 werfen, der die beruehmte zweite Schwaeche
darstellt und damit der eigentliche Verlierer ist - ein Looser eben.]} 44... f6
45. Rb5 b3 46. Kh3 Ng7 47. g4 Bxf3 48. Rxb3 Bd5 49. Rb8+ Kf7 50. Kg3 Be4 {
[Etwas spannender waere wohl} (50... e5 51. dxe5 Ne6 52. exf6 Kxf6 $18 {
geworden.}) 51. Rc8 Bd5 52. Rc7+ Kg8 53. Re7 Kf8 54. Bd6 Kg8 55. Kf4 Bb3 56.
Rb7 Bd5 57. Rb8+ Kh7 58. Be7 f5 59. Bf6 fxg4 60. Kxg4 {
[Der "Looser" geht verloren - er hat's nicht besser verdient.]} 1-0

[Event "Bundesliga 2000/01"]
[Site "?"]
[Date "2001.03.31"]
[Round "12"]
[White "Schaller, Sven"]
[Black "Meessen, Rudolf"]
[Result "0-1"]
[WhiteElo "2334"]
[BlackElo "2306"]
[Annotator "ssc"]
[PlyCount "123"]
[EventDate "2001.??.??"]

1. d4 Nf6 2. c4 g6 3. Nc3 Bg7 4. e4 d6 5. Be2 O-O 6. Nf3 e5 7. O-O Nc6 8. d5
Ne7 9. b4 Nh5 10. Re1 Nf4 11. Bf1 a5 12. bxa5 Rxa5 13. a4 c5 14. Nb5 $1 {
[Diese Fortsetzung ist eindeutig staerker als} (14. Rb1) 14... Ra6 15. Ra3 {
[Die logische Folge von 14.Nb5. Der Turm steht auf a3 sehr aktiv, da er ueber
die dritte Reihe jederzeit zum Koenigsfluegel ueberfuehrt werden kann.]} 15...
h6 {[Die Hauptvariante. Schlecht waere das sofortige} (15... f5 $6 {wegen} 16.
Bxf4 exf4 17. e5 dxe5 18. Nxe5 Nc6 19. Nd3 Nd4 20. Nxc5 $16 {
Babula,V-Wilhelmi,C/Portoroz 1998.}) 16. Nd2 {
[Einige Zeit ueberlegte Weiss hier an} (16. Bxf4 $6 exf4 17. e5 Nf5 {Aber er sa
h keinen rechten Vorteil aus der Abwicklung, was sich in der Partie Dimopoulos,
G - Georgiev,K/Ano Liosia, 1997; nach} 18. Bd3 dxe5 19. Nxe5 Qa5 $132 {
in der Praxis bestaetigt hatte.}) 16... g5 {
[Nach wie vor scheitert der Vorstoss f7-f5 - diesmal wegen Figurenverlust:} (
16... f5 $2 17. g3 Nh5 18. exf5 Rxf5 (18... Nxf5 $2 19. g4) 19. g4 Rg5 20. f3
$18) 17. g3 Nfg6 {[Weiss stutzte schon ein wenig, dass sein Gegner bis hierher
nur sieben Minuten verbrachte, von denen zwei beim Kaffeeholen verstrichen
sind.]} 18. Bd3 $5 {[Der knappe Zeitverbrauch von Schwarz war wohl ein Grund
mehr fuer den Anziehenden, etwas Neues in der Stellung zu suchen.
Normalerweise folgt hier} (18. Be2 {(/\19.Bg4)} 18... f5 19. exf5 Nxf5 20. Bh5
(20. Bg4 e4 $5 21. Rxe4 Ne5 $132) 20... Nge7 21. Bg4 $14 {Eljanov,P-Langheinric
h,F/Balatonlelle HUN 2000; oder Krasenkow,M-Fedorov,A/Vilnius 1997; mit einem
minimalen, aber dauerhaften  weissen Vorteil.}) 18... Bd7 {[Auf} (18... f5 19.
exf5 Nxf5 (19... Bxf5 20. Bxf5 Nxf5 21. Qc2 $14 {/\ Bc1-b2}) 20. Qc2 Nge7 21.
Bb2 $14 {wollte sich Schwarz anscheinend nicht einlassen.}) 19. Bb2 g4 $6 {
[Aeusserst provokativ gespielt. Sicherer ist} (19... Qc8 $13 {
mit unklarer Position.}) 20. Be2 Qc8 21. Nf1 Nh8 $8 {
[Der einzige Zug mit enormer "Tiefenwirkung", wie sich bald zeigen wird.]} 22.
Ne3 h5 23. h3 f5 24. exf5 Nxf5 25. hxg4 Nxe3 26. Rxe3 hxg4 {
[Bei der Alternative} (26... Bxg4 27. Bxg4 hxg4 {hatte Weiss} 28. Qc2 $1 $14 {
(/\ Kg1-g2) im Auge, wonach der Pd6 und der Pg4 weiterhin schoene Zieleabgeben.
}) 27. Re4 Nf7 28. Bc1 {[Klaus Bischoff schlug hier} (28. Rxg4 Bxg4 29. Bxg4
Qd8 30. Be6 {vor. Nach dem weiteren 30...} 30... Qf6 (30... Qg5 $2 {FRITZ} 31.
Re4 $40) 31. Qh5 Qh6 32. Qg4 $44 {besitzt Weiss sehr gute Kompensation. Die
Frage ist nur, ob er seinen Vorteil vergroessern kann.  Ich dachte daher, ich
waehle die sichere Variante, die mir auf jeden Fall einen Mehrbauern einbringt.
}) 28... Bh6 29. Bxg4 Bxc1 30. Bxd7 Qxd7 31. Qxc1 Qf5 {
[Natuerlich vergreift sich Schwarz nicht an dem unwichtigen Pa4. Nach} (31...
Rxa4 32. Qd1 (32. Nc7 $6 Qf5 $8 33. Ne6 Ra2 $132) 32... Rfa8 33. Qh5 $40 {
sieht er sich naemlich schnell einem sehr gefaehrlichen Angriff gegenueber.})
32. f4 $138 {[FRITZ schlaegt} (32. Qd1 Ng5 33. Rg4 Qxf2+ 34. Kh1 {
vor, um nach dem einfachen 34...} 34... Rf5 35. Qe2 Qxe2 36. Rxe2 Kf7 $11 {
festzustellen, dass Weiss nichts erreicht hat.}) 32... Ng5 $2 {
[Schwarz spielt gegen die weisse Zeitnot. Objektiv besser waere freilich} (
32... Rxa4 {Weiss plante darauf} 33. Nxd6 $1 {(bei seiner Zeitnot gefiel ihm} (
33. Qd1 Ra2 34. Nc3 Ra3 35. Qd2 Rfa8 $132 {oder}) (33. Qe3 Ra2 34. Nc3 Rc2 $5 (
34... Ra3 $5) 35. Re2 Rxe2 36. Qxe2 Ra8 $132 {
intuitiv ueberhaupt nicht). 
Nach dem weiteren}) 33... Nxd6 {
erlangt er mit dem forcierten} 34. Rxe5 Qd3 35. Rg5+ Kf7 (35... Kh7 36. Qb2
Qd4+ 37. Qxd4 cxd4 38. Kf2 $44) 36. Qb2 Qd4+ (36... Rg8 $4 37. Re6 $18) 37.
Qxd4 cxd4 38. c5 $44 {in beiden Faellen gute Kompensation fuer den Springer.})
33. fxg5 Qf2+ 34. Kh1 Qf3+ 35. Kh2 Qf2+ 36. Kh3 Kg7 {[Oder} (36... Qf5+ 37. Rg4
Kg7 38. Qd1 $18 {und Weiss hat alles unter Kontrolle.}) 37. Qe3 Qf5+ 38. Kg2
Rxa4 39. Nc3 $2 {
[Dem Anziehenden blieb nur noch eine Minute, so dass er das einfache} (39. Qe2
$18 {(/\ Re1-f1) mit sofortiger Entscheidung uebersah.}) 39... Ra3 {
[Diese Fesselung erweist sich als aeusserst unangenehm, noch mehr in Zeitnot.]}
40. g4 Qf7 41. g6 $8 {[Es dauerte 10 Minuten, bis Weiss den Ernst der Lage
erkannte. Denn dieser Zug ist der einzige.]} 41... Qxg6 42. Qg3 $6 {
[Genauer duerfte} (42. Qh3 {
sein. Weiss hatte aber eine konkrete Variante im Auge,...}) 42... Rb3 {
[..., auf die sich Schwarz nicht einlaesst. Nach dem simpel erscheinenden} (
42... Rf4 $2 {schlaegt Weiss naemlich mit} 43. Rxf4 exf4 44. Qxf4 Rxc3 45. Rf1
Rc2+ 46. Kg1 $40 {und starkem Angriff zurueck.}) 43. Kg1 $1 {[Nachdem die
kleine Falle nicht funktioniert hat, war Weiss ploetzlich voellig perplex. Was
tun? Wie die Figuren entfitzen? Nach 40 Minuten Nachdenkens hatte er endlich
den Weg gefunden.]} 43... Qg5 {[Natuerlich nicht} (43... Rf4 $4 44. Rxf4 exf4
45. Qh3 Qc2 46. g5 $18 {und Weiss haette laut gelacht.}) 44. R4e3 Rf4 45. Ne4
Rxe4 46. Rxb3 Rxg4 47. Kf2 Qd2+ 48. Re2 Qd4+ 49. Qe3 Qd1 {
[Erneut der unangenehmste Zug. Weniger Probleme haette} (49... Rf4+ 50. Kg1
Qd1+ 51. Kh2 Kf8 52. Rf2 $18 {dem Anziehenden bereitet.}) 50. Re1 $138 {
[Monter-FRITZ zieht nach kurzem Ueberlegen} (50. Kf3 {und gibt sich +- (3.97).}
) 50... Qc2+ 51. Qe2 Qf5+ 52. Rf3 Qg5 53. Qe3 Qh4+ 54. Kf1 {[Weiss bleiben
drei Minuten in dieser schwierigen Stellung. Trotzdem sieht er, was FRITZ
nicht sah; naemlich, dass} (54. Ke2 $4 {nach 54...} 54... Re4 55. Rg1+ Kh8 56.
Rf8+ Kh7 57. Rf7+ Kh8 $11 {nur zu Remis fuehrt.}) 54... e4 55. Rf2 {[Fuer diese
n einfachen Zug brauchte Weiss weitere zwei Minuten seiner Bedenkzeit.
Inkonsequenterweise traute er sich am Ende aber nicht fuer das berechnete} (55.
Qc3+ Kg8 56. Rh3 Rf4+ 57. Kg2 $18) 55... Kh7 {
[Ein Schock fuer Weiss: Qe3-c3 mit Schach geht nicht mehr.]} 56. Rc1 $2 {
[Prompt greift Weiss fehl. Kompliziert gewann} (56. Rb1 Qh1+ 57. Ke2 Qxb1 58.
Qh3+ {, einfach}) (56. Rg2 $18 {oder}) (56. Qb3 $18) 56... Qh5 57. Rcc2 $4 {
[Danach wird Schwarz in der Tat noch fuer sein Kinderschach-Durchhalten
belohnt. Aber bei verbleibenden 14 Sekunden auf der Uhr wurde Weiss panisch,
und stellt mit diesem Zug alles ein. Am einfachsten gewann immernoch} (57. Rb1
$1 $18) 57... Rh4 $1 {[Gewinnt zwangslaeufig. FRITZ schlaegt nur} (57... Qh1+
58. Ke2 Rg1 {vor, um sich selbst mit} 59. Qf4 {FRITZ} 59... Re1+ 60. Kd2 e3+
61. Kd3 exf2 62. Rxf2 {zu verbessern.}) 58. Rg2 $4 {
[Danach ist es sofort aus. Aber das Damenendspiel nach} (58. Rh2 Rxh2 59. Qxe4+
Kh8 60. Rxh2 Qxh2 61. Qe8+ Kg7 62. Qe7+ Kg6 $17 {kann auch nicht ueberzeugen.})
58... Qd1+ 59. Qe1 {
[Jetzt ist ohnehin alles egal. Etwas hartnaeckiger ist sicherlich} (59. Kf2
Qxc2+ 60. Kg3 Rg4+ 61. Kxg4 Qxg2+ $19 {
. Doch es galt hier nur noch, die Zeit zu schaffen...}) 59... Rh1+ 60. Rg1
Rxg1+ 61. Kxg1 Qxe1+ 62. Kh2 {[... und aufzugeben.]} 0-1